000 00772nam a22001697a 4500
999 _c63577
_d63577
003 Ge_BSU
005 20251104142821.0
008 251104s1969 ge ||||| |||| 00| 0 geo d
041 _ageo
080 _a658.871.6/8(479.22-25)(035) ხ-25
100 _aხარბედია, ასლან
_926157
245 _aთბილისის ცენტრალური უნივერმაღი :
_b[მოკლე ცნობარი] /
_cასლან ხარბედია.
264 _aთბილისი :
_bსაბჭ. საქართველო,
_c1969.
300 _a59 გვ. :
_bილ. ;
_c21 სმ.
653 _aთბილისის ცენტრალური უნივერმაღი
942 _2udc
_cᲬᲘᲒᲜᲘ